000 00877nam a22002537a 4500
003 OSt
005 20250220112439.0
008 210322b 2015 dr p00| 0 spa d
020 _a9789945484144
040 _aDO-SdPM
_bspa
_cBPMSU
082 4 _aRD863.5
_bF316t 2015
_222
100 1 _aFeliz Sena, David Alexander,
_d1987-
245 1 0 _aTres destinos :
_bminificción (textos 2009-2010)/
_cDavid Alexander Feliz Sena.
260 _aSan Cristóbal, República Dominicana :
_bFundación Literaria Aníbal Montaño,
_c2015
300 _a59 p. ;
_c23 cm.
490 0 _aMarca Provincia ;
500 _aIncluye datos biográficos del autor en la solapa de la cubierta.
500 _a
590 _aInventariado, 2025 /VM
650 4 _aCuentos juveniles dominicanos
650 4 _aLiteratura juvenil dominicana
910 _aVMateo V. Control de calidad BPMSU
942 _2ddc
_cBK
999 _c14945
_d14945